000 00325 a2200157 4500
001 57096
020 _a8536800534
040 _cAnchieta - Pituba
100 _aLacerda, Nilma
240 1 0 _aPena de ganso
_lpor
245 1 0 _aPena de ganso
300 _a143
362 0 _a2005
650 4 _aLiteratura juvenil
942 _cBK
999 _c57096
_d57096